Kỹ thuật xây dựng ứng dụng ASP.net Tập 2

Nội dung giáo trình bạn có thể tự triển khai, hoàn thiện ứng dụng theo yêu cầu riêng hoặc mở rộng, bổ sung sản phẩm theo phong cách của mình.

Salvato in:
Dettagli Bibliografici
Autore principale: Nguyễn Văn Lân (Chủ biên)
Altri autori: Phương Lan (Hiệu đính)
Natura: Libro
Lingua:Vietnamese
Pubblicazione: H. Lao động - xã hội
Soggetti:
Tags: Aggiungi Tag
Nessun Tag, puoi essere il primo ad aggiungerne! !
Thư viện lưu trữ: Thư viện Trường Đại học Nam Cần Thơ
LEADER 01234nam a22002177a 4500
001 NCT_44803
008 180706b xxu||||| |||| 00| 0 vie d
999 |c 2147  |d 2147 
020 |c 78000 
082 0 4 |2 23rd ed.  |a 005.1  |b L105/T.2 
100 1 |a Nguyễn Văn Lân  |e Chủ biên 
245 1 0 |a Kỹ thuật xây dựng ứng dụng ASP.net  |n Tập 2  |c Nguyễn Văn Lân (chủ biên); Phương Lan (hiệu đính) 
260 |a H.  |b Lao động - xã hội 
300 |a 278 tr.  |b Minh họa  |c 24cm 
520 3 |a Nội dung giáo trình bạn có thể tự triển khai, hoàn thiện ứng dụng theo yêu cầu riêng hoặc mở rộng, bổ sung sản phẩm theo phong cách của mình. 
653 |a Công nghệ thông tin 
700 1 |a Phương Lan  |e Hiệu đính 
942 |2 ddc  |c BK 
952 |0 0  |1 0  |2 ddc  |4 0  |6 005_100000000000000_L105_T_2  |7 0  |9 13163  |a 000001  |b 000001  |d 2018-08-09  |o 005.1 L105/T.2  |p MD.02058  |r 2018-08-09  |v 78000.00  |w 2018-08-09  |y BK 
952 |0 0  |1 0  |2 ddc  |4 0  |6 005_100000000000000_L105_T_2  |7 0  |9 13164  |a 000001  |b 000001  |d 2018-08-09  |o 005.1 L105/T.2  |p MD.02059  |r 2018-08-09  |v 78000.00  |w 2018-08-09  |y BK 
980 |a Thư viện Trường Đại học Nam Cần Thơ